00762 a2200157 45000010006000000050017000060080041000230030015000640400040000790800071001192450029001902640075002193000019002945050266003131000025005795439720260407155817.0260407a1986 arg spa dAR-UNSa-BCEJYS aAR-UNSa-BCEJYSbspacAR-UNSa-BCEJYS a659xPublicidad y propaganda. Información Relaciones públicas 10aLa propaganda política 1aBuenos Aires :bEUDEBA (Editorial Universitaria de Buenos Aires)c1986 a135 p.c17 cm. a1. El ambiente – 2. Las dos fuentes de la propaganda – 3. La propaganda de tipo leninista – 4. La propaganda de tipo hitleriano – 5. Reglas y técnicas – 6. El mito, la mentira y el hecho – 7. Opinión y propaganda – 8. Democracia y propaganda. 1 aDomenach, Jean-Marie